000 00330nam a2200133Ia 4500
008 240719s9999 xx 000 0 und d
041 _aeng
082 _a657 JIA
100 _aJiambalvo, James
245 _aManagerial Accounting
250 _a(7th Ed.)
260 _aNew Delhi
_bWiley
_c2022
520 _aGifted By : IMT Faculty
999 _c41408
_d41408